<?xml version="1.0" encoding="UTF-8"?>
<record
    xmlns:xsi="http://www.w3.org/2001/XMLSchema-instance"
    xsi:schemaLocation="http://www.loc.gov/MARC21/slim http://www.loc.gov/standards/marcxml/schema/MARC21slim.xsd"
    xmlns="http://www.loc.gov/MARC21/slim">

  <leader>04552nam a2200469 a 4500</leader>
  <controlfield tag="001">dia_6402</controlfield>
  <controlfield tag="003">CHAP</controlfield>
  <controlfield tag="005">20250829122711.0</controlfield>
  <controlfield tag="007">ta</controlfield>
  <controlfield tag="008">220117s1997    mx ad  frm    001 0 spa d</controlfield>
  <datafield tag="010" ind1=" " ind2=" ">
    <subfield code="a">177867</subfield>
  </datafield>
  <datafield tag="040" ind1=" " ind2=" ">
    <subfield code="a">mxchpua</subfield>
    <subfield code="c">CHAP</subfield>
  </datafield>
  <datafield tag="041" ind1="0" ind2=" ">
    <subfield code="a">spa</subfield>
    <subfield code="b">eng</subfield>
  </datafield>
  <datafield tag="090" ind1=" " ind2=" ">
    <subfield code="a">Tesis</subfield>
    <subfield code="b">C37</subfield>
    <subfield code="c">1997</subfield>
  </datafield>
  <datafield tag="100" ind1="1" ind2=" ">
    <subfield code="a">Castellanos Rosales, Ma. de la Luz</subfield>
  </datafield>
  <datafield tag="245" ind1="1" ind2="0">
    <subfield code="a">Efecto de algunos factores precosecha y postcosecha sobre la calidad de frutos de ciruela (Prunus salicina Lindl.) cv. Methley sometidos a frigoconservaci&#xF3;n /</subfield>
    <subfield code="c">Ma. de la Luz Castellanos Rosales y Efra&#xED;n Castro Becerra</subfield>
  </datafield>
  <datafield tag="264" ind1=" " ind2=" ">
    <subfield code="a">Chapingo, M&#xE9;xico :</subfield>
    <subfield code="b">El autor,</subfield>
    <subfield code="c">1997</subfield>
  </datafield>
  <datafield tag="300" ind1=" " ind2=" ">
    <subfield code="a">xii, 97 hojas :</subfield>
    <subfield code="b">ilustraciones, tablas, gr&#xE1;ficas</subfield>
  </datafield>
  <datafield tag="336" ind1=" " ind2=" ">
    <subfield code="2">rdacontent</subfield>
    <subfield code="a">texto</subfield>
    <subfield code="b">txt</subfield>
  </datafield>
  <datafield tag="337" ind1=" " ind2=" ">
    <subfield code="2">rdamedia</subfield>
    <subfield code="a">no mediado</subfield>
    <subfield code="b">n</subfield>
  </datafield>
  <datafield tag="338" ind1=" " ind2=" ">
    <subfield code="2">rdacarrier</subfield>
    <subfield code="a">volumen</subfield>
    <subfield code="b">nc</subfield>
  </datafield>
  <datafield tag="502" ind1=" " ind2=" ">
    <subfield code="a">Tesis</subfield>
    <subfield code="b">(Ingeniero Agroindustrial) --</subfield>
    <subfield code="c">UACh. Departamento de Ingenier&#xED;a Agroindustrial,</subfield>
    <subfield code="d">1997</subfield>
  </datafield>
  <datafield tag="504" ind1=" " ind2=" ">
    <subfield code="a">Bibliograf&#xED;a: hojas 93-97</subfield>
  </datafield>
  <datafield tag="520" ind1="3" ind2=" ">
    <subfield code="a">En frutos de ciruela {Prunus salicina Lindl.) cv. 'Methley' se estudi&#xF3; en un primer experimento: tres formas de fertilizaci&#xF3;n (testigo, esti&#xE9;rcol y paja) y las aplicaciones de ethrel (2000 ppm de ingrediente activo) por inmersi&#xF3;n en post-cosecha; en otro expe rimento, se evaluaron las aplicaciones post-cosecha de cloruro de calcio (CaClj) por inmersi&#xF3;n en 3 concentraciones (1, 3 y 5%) y 3 tiempos de inmersi&#xF3;n (15, 30 y 45 minutos). En ambos casos, los frutos se frigoconservaron y se les determin&#xF3; s&#xF3;lidos solubles totales (SST), p&#xE9;rdidas de peso, firmeza, acidez titulable, re laci&#xF3;n "Brix/acidez, color (&#xE1;ngulo de tono e &#xED;ndice de saturaci&#xF3;n), y para las aplicaciones de caCla tambi&#xE9;n se evaluaron los da&#xF1;os por fr&#xED;o. Las dos formas de fertilizaci&#xF3;n disminuyeron significativamen te los SST y las p&#xE9;rdidas de peso; la fertilizaci&#xF3;n con esti&#xE9;rcol caus&#xF3; una significativa disminuci&#xF3;n en la acidez titulable y en la pureza de color (&#xED;ndice de saturaci&#xF3;n), y un aumento en la relaci&#xF3;n "Brix/acidez y en el &#xE1;ngulo de tono (los frutos fueron menos rojizos). En general, las aplicaciones de ethrel causaron.un aumento en las p&#xE9;rdidas de peso y una disminuci&#xF3;n en la firmeza y en el &#xED;ndice de saturaci&#xF3;n. Sin embargo, no afectaron el contenido de SST, la acidez titulable, la relaci&#xF3;n &#xB0;Brix/acidez ni el &#xE1;ngulo de tono. Las aplicaciones de Cada no causaron el efecto esperado en la mayor&#xED;a de las variables evaluadas.</subfield>
  </datafield>
  <datafield tag="520" ind1="3" ind2=" ">
    <subfield code="a">In a first experiment with plum fruit (Prujius salicina Lindl.) cv. Methley, three forms of fertilization were studied (control group, manure and straw) and the ethrel application (2000 ppm of active ingredient) by dipping in postharvest. In another experiment, postharvest applications of calciiun chloride (CaCla) by di pping in three concentrations (1, 3 and 5%) and three lapses of di pping (15, 30 and 45 minutes). In both instances, the fruit was cold storaged and total soluble solids (TSS), weigth loss, firmness, titratable acidity, &#xB0;Bx/acidity relationship, color (hue angle and saturation index) were determined; and for the CaCl, applications, the chilling injuries were also evaluated. The two fertilization forms decreased the TSS and the weight loss significantly; the fertilization with manure caused a significant decrease on the titratable acidity and on the color purity (saturation index), and an increase on the &#xB0;Bx/acidity relationship and on the hue angle (the fruit was less reddish). In general, the ethrel applications caused an increase on the weight loss and a decrease on the firmness and on the saturation index. The TSS, the titratable acidity, the "Bx/acidity relation ship and the hue angle were not affected. The CaCla applications did not cause the expected effect in the majority of the evaluated variables.</subfield>
  </datafield>
  <datafield tag="650" ind1="1" ind2="3">
    <subfield code="a">Calidad de la fruta   </subfield>
    <subfield code="2">atg</subfield>
  </datafield>
  <datafield tag="650" ind1="1" ind2="3">
    <subfield code="a">Fruta refrigerada  </subfield>
    <subfield code="2">atg</subfield>
  </datafield>
  <datafield tag="650" ind1="1" ind2="3">
    <subfield code="a">Tecnolog&#xED;a postcosecha</subfield>
    <subfield code="2">atg</subfield>
  </datafield>
  <datafield tag="650" ind1="1" ind2="3">
    <subfield code="a">Preservaci&#xF3;n de alimentos</subfield>
    <subfield code="2">atg</subfield>
  </datafield>
  <datafield tag="650" ind1="1" ind2="3">
    <subfield code="a">Prunus salicina</subfield>
    <subfield code="2">atg</subfield>
  </datafield>
  <datafield tag="650" ind1="1" ind2="3">
    <subfield code="a">Food preservation  </subfield>
    <subfield code="2">atg</subfield>
  </datafield>
  <datafield tag="650" ind1="1" ind2="3">
    <subfield code="a">Fruit quality</subfield>
    <subfield code="2">atg</subfield>
  </datafield>
  <datafield tag="650" ind1="1" ind2="3">
    <subfield code="a">Postharvest technology</subfield>
    <subfield code="2">atg</subfield>
  </datafield>
  <datafield tag="700" ind1="1" ind2=" ">
    <subfield code="a">Castro Becerra, Efra&#xED;n</subfield>
    <subfield code="e">autor</subfield>
  </datafield>
  <datafield tag="700" ind1="1" ind2=" ">
    <subfield code="a">Corrales Garc&#xED;a, Jos&#xE9; Joel Enrique</subfield>
    <subfield code="e">director</subfield>
  </datafield>
  <datafield tag="700" ind1="1" ind2=" ">
    <subfield code="a">Colinas Le&#xF3;n, Mar&#xED;a Teresa B.</subfield>
    <subfield code="e">asesor</subfield>
  </datafield>
  <datafield tag="700" ind1="1" ind2=" ">
    <subfield code="a">Su&#xE1;rez Espinosa, Carlos</subfield>
    <subfield code="e">asesor</subfield>
  </datafield>
  <datafield tag="901" ind1=" " ind2=" ">
    <subfield code="a">TESIS C37 1997</subfield>
  </datafield>
  <datafield tag="902" ind1=" " ind2=" ">
    <subfield code="a">M</subfield>
  </datafield>
  <datafield tag="905" ind1=" " ind2=" ">
    <subfield code="a">5232271997                          mx nm  8223123322spa16</subfield>
  </datafield>
  <datafield tag="942" ind1=" " ind2=" ">
    <subfield code="c">TESIS</subfield>
    <subfield code="2">Clasificaci&#xF3;n Universidad Aut&#xF3;noma Chapingo</subfield>
  </datafield>
  <datafield tag="999" ind1=" " ind2=" ">
    <subfield code="c">177867</subfield>
    <subfield code="d">177867</subfield>
  </datafield>
  <datafield tag="952" ind1=" " ind2=" ">
    <subfield code="0">0</subfield>
    <subfield code="1">0</subfield>
    <subfield code="2">local</subfield>
    <subfield code="4">0</subfield>
    <subfield code="5">5</subfield>
    <subfield code="7">0</subfield>
    <subfield code="8">TESIS</subfield>
    <subfield code="a">IA_</subfield>
    <subfield code="b">IA_</subfield>
    <subfield code="d">2022-01-18</subfield>
    <subfield code="e">El autor</subfield>
    <subfield code="l">0</subfield>
    <subfield code="o">Tesis C37 1997</subfield>
    <subfield code="p">1101010237</subfield>
    <subfield code="r">2026-02-02 00:00:00</subfield>
    <subfield code="t">Ej.2</subfield>
    <subfield code="w">2022-01-18</subfield>
    <subfield code="y">TESIS</subfield>
  </datafield>
  <datafield tag="952" ind1=" " ind2=" ">
    <subfield code="0">0</subfield>
    <subfield code="1">0</subfield>
    <subfield code="2">local</subfield>
    <subfield code="4">0</subfield>
    <subfield code="5">1</subfield>
    <subfield code="7">0</subfield>
    <subfield code="8">TESIS</subfield>
    <subfield code="a">IA_</subfield>
    <subfield code="b">IA_</subfield>
    <subfield code="d">2022-01-18</subfield>
    <subfield code="e">El autor</subfield>
    <subfield code="l">0</subfield>
    <subfield code="o">Tesis C37 1997</subfield>
    <subfield code="p">1101010236</subfield>
    <subfield code="r">2026-02-02 00:00:00</subfield>
    <subfield code="t">Ej.1</subfield>
    <subfield code="w">2022-01-18</subfield>
    <subfield code="y">TESIS</subfield>
  </datafield>
</record>
